Expulsión de la bestia triunfante (Record no. 37119)

MARC details
000 -LEADER
campo de control de longitud fija 00822nam a2200253 i 4500
001 - NÚMERO DE CONTROL
campo de control 37119
003 - IDENTIFICADOR DE NÚMERO DE CONTROL
campo de control ES-MaACL
005 - FECHA Y HORA DE LA ÚLTIMA TRANSACCIÓN
campo de control 20230906155515.0
007 - CAMPO FIJO DE DESCRIPCIÓN FÍSICA--INFORMACIÓN GENERAL
campo de control de longitud fija t|
008 - DATOS DE LONGITUD FIJA--INFORMACIÓN GENERAL
campo de control de longitud fija 030220s1987 sp |||| | spa d
080 ## - NÚMERO DE LA CLASIFICACIÓN DECIMAL UNIVERSAL
Número de la Clasificación Decimal Universal 821.131.1-96"15"
100 1# - ENTRADA PRINCIPAL--NOMBRE DE PERSONA
Nombre de persona Bruno, Giordano.
9 (RLIN) 32197
245 10 - MENCIÓN DEL TÍTULO
Título Expulsión de la bestia triunfante
Resto del título ; De los heroicos furores /
Mención de responsabilidad, etc. Giordano Bruno ; introducción, traducción y notas, Ignacio Gómez de Liaño.
246 30 - FORMA VARIANTE DEL TITULO
Título propio/Titulo breve De los heroicos furores
260 ## - PUBLICACIÓN, DISTRIBUCIÓN, ETC.
Lugar de publicación, distribución, etc. Madrid :
Nombre del editor, distribuidor, etc. Alfaguara,
Fecha de publicación, distribución, etc. 1987.
300 ## - DESCRIPCIÓN FÍSICA
Extensión C, 528 p. ;
Dimensiones 20 cm.
490 1# - MENCIÓN DE SERIE
Mención de serie Clásicos Alfaguara ;
Designación de volumen o secuencia 35
500 ## - NOTA GENERAL
Nota general Índice.
504 ## - NOTA DE BIBLIOGRAFÍA, ETC.
Nota de bibliografía, etc. Bibliografía: p. XCVII-C.
700 1# - ENTRADA AGREGADA--NOMBRE PERSONAL
Nombre de persona Gómez de Liaño, Ignacio.
9 (RLIN) 57908
830 0# - PUNTO DE ACCESO ADICIONAL DE SERIE-TÍTULO UNIFORME
Título uniforme Clásicos Alfaguara ;
Designación de volumen o secuencia 35
9 (RLIN) 178833
852 ## - LOCALIZACIÓN
Ubicación ES-MaACL
Número de control de estantería G-9419
Holdings
Estatus retirado Estado de pérdida Estado de daño No para préstamo Biblioteca de origen Biblioteca actual Ubicación en estantería Fecha de adquisición Fuente de adquisición Total de préstamos Signatura topográfica completa Código de barras Visto por última vez Precio de reemplazo Tipo de ítem Koha
        Biblioteca del Ateneo de Madrid Biblioteca del Ateneo de Madrid Sala Pecera Planta 3 17/01/2008     G-9419 1039052 23/02/2023 23/02/2023 Libro impreso